Wymień wszystkich rywali Damiana Janikowskiego . - Statystyki

Ogólne statystyki
  • Ten quiz został rozwiązany 6 razy
  • Średni wynik to 7 z 12
Statystyki odpowiedzi
Wygrana /Przegrana Rywal % Poprawnych
Przegrana Michal Materla
100%
Przegrana Szymon Kolecki
100%
Wygrana Antoni Chmielewski
80%
Przegrana Pawel Pawlak
80%
Wygrana Andreas Gustafsson
60%
Przegrana Tom Breese
60%
Przegrana Aleksandar Ilic
40%
Wygrana Gerardo Julio Gallegos
40%
Wygrana Jason Radcliffe
40%
Wygrana Tomasz Jakubiec
40%
Wygrana Tony Giles
40%
Wygrana Yannick Bahati
40%
Nie znaleziono quizów pasujących do podanych kryteriów
Rozkład punktacji
Procent ludzi z każdym wynikiem
Percentyl według liczby udzielonych odpowiedzi
Twoja historia wyników
Nie rozwiązałeś tego quizu